Statystyki dla Krainy historyczne Polski z mapą

Kliknij tutaj aby rozwiązać quiz!

Ogólne statystyki

  • Ten quiz został rozwiązany 9 948 razy
    (5 223 od ostatniego zresetowania)
  • Średni wynik to 10 z 23

Odpowiedzi na mapie

Odpowiedzi skodowane kolorowo w zielono-czerwonej skali na mapie do tego quizu, zgodnie z poniższymi procentami.
 

Statystyki odpowiedzi

Kraina historyczna% Poprawnych
Śląsk
95%
Mazowsze
91%
Wielkopolska
90%
Małopolska
88%
Warmia
77%
Podlasie
76%
Kujawy
62%
Pomorze Zachodnie
60%
Pomorze Gdańskie
58%
Litwa
42%
Ziemia kłodzka
38%
Polesie
34%
Łużyce
28%
Prusy Książęce
26%
Ziemia chełmińska
25%
Ziemia sieradzka i wieluńska
25%
Ruś Czerwona
22%
Ziemia dobrzyńska
22%
Ziemia łęczycka
22%
Spisz
21%
Orawa
18%
Nowa Marchia
16%
Pomorze Przednie
13%

Rozkład punktacji

Percentyl według liczby udzielonych odpowiedzi

Procent ludzi z każdym wynikiem

Twoja historia wyników

Nie rozwiązałeś tego quizu od ostatniego zresetowania